| 000 | 00478nam a2200181Ia 4500 | ||
|---|---|---|---|
| 005 | 20250508162028.0 | ||
| 008 | 008 250505s9999 xx 000 0 hin d | ||
| 037 | _aTextual | ||
| 040 |
_aFEDL _beng _cFEDL |
||
| 041 |
_ahin _2hin |
||
| 084 |
_aFH, PIL _qFEDL |
||
| 100 |
_aPilla Takshi Shivshankar _9772096 |
||
| 245 | 0 | _aChunoti | |
| 260 |
_aDelhi, India _bAtma Ram and Sons _c1952 |
||
| 300 | _a135p. | ||
| 942 |
_cTEXL _hFH, PIL |
||
| 999 |
_c1373925 _d1373925 |
||